| 000 | 00341nam a2200121 a 4500 | ||
|---|---|---|---|
| 005 | 20140414131856.0 | ||
| 008 | 100827s19uu xx 00 eng d | ||
| 050 |
_aFIL _bAl1 2009 |
||
| 100 | _aMatias, Segundo | ||
| 245 |
_aAlamat ng gagamba : _bThe legend of the spider. |
||
| 260 |
_aManila, Philippines : _bLampara, _c2009. |
||
| 999 |
_c110474 _d110474 |
||